Kulturraumformung
| Titel: | Kulturraumformung : sprachpolitische, kulturpolitische, ästhetische Dimensionen / Maria Katarzyna Lasatowicz (Hrsg.) |
|---|---|
| Beteiligt: | |
| Ausgabe: | 1. Auflage |
| Veröffentlicht: | Berlin : Trafo, 2004 |
| Umfang: | 241 Seiten : Illustrationen, Karten ; 24 cm, 530 gr. |
| Format: | Buch |
| Sprache: | Deutsch |
| Schriftenreihe/ mehrbändiges Werk: |
Silesia ; 1 |
| RVK-Notation: |
·
|
| ISBN: | 3896264818 |
| Hinweise zum Inhalt: |
Inhaltsverzeichnis
|
alg: 12424423 001A $06000:21-10-04 001B $01999:29-04-24 $t08:53:18.000 001D $06000:21-10-04 001U $0utf8 001X $00 002@ $0Aaxaf 002C $aText $btxt $2rdacontent 002D $aohne Hilfsmittel zu benutzen $bn $2rdamedia 002E $aBand $bnc $2rdacarrier 003@ $0124244238 003O $057476642 $aOCoLC 004A $03-89626-481-8 $fkart. : EUR 29.80 004K $09783896264817 006G $0970888813 006T $004,N20,0602 006U $004,A45,0556 $f20040416 007A $0970888813 $aDNB 007G $0DE020C2AAF5D3ADDB5B81C12579480052510E 007T $0Herd69918 009P $qapplication/pdf $A2 $3Inhaltsverzeichnis $uhttp://scans.hebis.de/HEBCGI/show.pl?12424423_toc.pdf $mV:DE-603;B:DE-Mb50 010@ $ager 011@ $a2004 $n2004 013D $RWissenschaftliche Literatur $RAufsatzsammlung $71071861417 $8Konferenzschrift [Ts1] $9359646190 $y2002 $zKamień Śla̧nski 017A $asf 021A $aKulturraumformung $dsprachpolitische, kulturpolitische, ästhetische Dimensionen $hMaria Katarzyna Lasatowicz (Hrsg.) 028C $BHerausgeber $#Lasatowicz, Maria K. $4edt $7121115534 $8Lasatowicz, Maria Katarzyna$Z1951- [Tp1] $9152564454 032@ $a1. Auflage 033A $pBerlin $nTrafo 034D $a241 Seiten 034I $a24 cm, 530 gr. 034M $aIllustrationen, Karten 036E $aSilesia $l1 036F $x11 $8Silesia $9186303858 $l1 044K $qDNB $RPolen $RNiederschlesien $ROberschlesien $RNiederschlesien $ROberschlesien $#Schlesien $#Schlesien $#Herzogtum Schlesien $#Herzogtum Schlesien Schlesien $#Provinz Schlesien $#Śla̜sk $#Slezsko $#Silesia $74052678-1 $8Schlesien [Tg1] $9085146781 044K $qDNB $#Culture diffusion $#Diffusion de la culture $74165988-0 $8Kulturraum [Ts1] $9085745294 044K $qDNB $RSprachenfrage $#Language policy $#Politique linguistique $#Política lingüística $#Sprachpolitik $#Sprachenpolitik $#Sprachenpolitik $#Sprachplanung $74077732-7 $8Sprachpolitik [Ts1] $9085220256 044K $qDNB $RSüdgermanische Sprachen $#German language $#Allemand (langue) $#Neuhochdeutsch $#Deutsche Sprache $#Hochdeutsch $74113292-0 $8Deutsch [Tsz] $9085334081 044K $qDNB $RLechisch $#Polnische Sprache $74120314-8 $8Polnisch [Tsz] $9085383503 045B $a943.85 $eDDC22oclc 045E $c430 $c940 045F $a809 $eDDC23BSB 045F/01 $a809 045F/03 $g4385 045G $a909 $eDDC23BSB 045G/01 $a909 045G/03 $g4385 045H $a306.094385 $eDDC23BSB 045H/01 $a306.09 045H/03 $g4385 045H/03 $g43832 045H/03 $g43816 045I $a400 $eDDC23BSB 045I/01 $a400 045I/03 $g4385 045J $a370.94385 $eDDC23BSB 045J/01 $a370.9 045J/03 $g4385 045R $aGeschichte 045V $805.07.00$jDeutschsprachige Literatur des Auslandes [Tkx] $9118843427 045Z $8EC 2450 [Tkv] $9407727582 045Z $8ES 129 [Tkv] $9407872701 lok: 12424423 3 101B $005-10-17 $t15:59:10.000 101C $019-01-05 101U $0utf8 145S/01 $a039 145S/06 $a720 145S/11 $alin 145S/12 $alit exp: 12424423 3 1 #EPN 201B/01 $019-01-05 $t15:48:04.000 201C/01 $023-11-04 203@/01 $0222222603 208@/01 $a19-01-05 $bzAa 209A/01 $a87.826.39 $du $f000 $h87 826 39 $x00 209G/01 $a87826392 $x00 247C/01 $8601000-3 <30>Frankfurt, Universitätsbibliothek J. C. Senckenberg, Zentralbibliothek (ZB) $9102598258 201U/01 $0utf8 lok: 12424423 24 101B $029-09-09 $t15:37:09.000 101C $029-09-09 101U $0utf8 145Z/01 $a14 10 E 145Z/02 $a14 7 R 145Z/03 $a14 15 L 145Z/04 $a14 10 A 145Z/05 $a14 15 F 145Z/06 $a36 8 L 20 145Z/07 $a2 L 1033 145Z/08 $a6 15 L 145Z/09 $a9 15 L exp: 12424423 24 1 #EPN 201B/01 $029-09-09 $t15:37:09.000 201C/01 $024-03-06 201U/01 $0utf8 203@/01 $0376685824 208@/01 $a29-09-09 $bz 209A/01 $a09.6160 $du $f050 $h09 6160 $x00 209C/01 $a09.6160 K $h09 6160 K 209G/01 $a72487192 $x00 220C/01 $awar/jwa 247C/01 $8358050-7Marburg, Bibliothek des Herder-Instituts Marburg $9102600961 lok: 12424423 62 exp: 12424423 62 1 #EPN 201B/01 $014-02-05 $t20:34:23.000 203@/01 $0225135388 208@/01 $a14-02-05 $be 209A/01 $a/ $f000 $x00 209B/01 $a2005 $x05 247C/01 $8Frankfurt, Bibliographie der Deutschen Sprach- und Literaturwissenschaft $9113214561 201U/01 $0utf8 lok: 12424423 78 exp: 12424423 78 1 #EPN 201B/01 $019-04-17 $t14:58:21.000 201U/01 $0utf8 203@/01 $0791929280 208@/01 $a12-11-16 $be 209A/01 $a/ $f000 $x00 220C/01 $aTitelaufnehmer: wr 237A/01 $aweiterführende Signatur(en): 09.6160 244Z/01 $2Trx $#Silesia $#Śląsk $#Sliezsko $#Slezsko $8--Trx--Schlesien $x01 $9391173987 244Z/01 $2Trx $#Poola $#Lenkija $#Polija $#Polen Land $#Poland $#Lengyelország $#Poľsko $#Polsko $8--Trx--Polska$gkraj $x02 $9391345966 244Z/01 $2Trx $#keelte poliitika $#kalbinė politika $#language policy $#nyelvpolitika $#polityka językowa $#politika jazyková $#politika jazyková $8--Trx--Sprachenpolitik $x03 $9391368567 244Z/01 $2Trx $#suhted, Poola-Saksa $#santykiai, lenkų ir vokiečių $#relations, German-Polish $#kapcsolatok, lengyel-német $#stosunki niemiecko-polskie $#vzťahy nemecko-poľské $#vztahy německo-polské $8--Trx--Beziehungen, deutsch-polnische $x04 $9391368397 244Z/01 $2Trx $#dzieło zbiorowe $8--Trx--Sammelwerk $x05 $9391384597 245Z/01 $a01.03 $x01 247C/01 $82080>Marburg/Lahn, Herder-Institut, Forschungsbibliothek, Bibliographieportal $9336309341
| LEADER | 00000cam a22000002c 4500 | ||
|---|---|---|---|
| 001 | 124244238 | ||
| 003 | DE-603 | ||
| 005 | 20240429085318.0 | ||
| 007 | tu | ||
| 008 | 041021s2004 xx |||| | u10||u|ger | ||
| 015 | |a 04,A45,0556 |z 04,N20,0602 |2 dnb | ||
| 016 | 7 | |2 DE-101 |a 970888813 | |
| 020 | |a 3896264818 |c kart. : EUR 29.80 | ||
| 024 | 3 | |a 9783896264817 | |
| 035 | |a (DE-599)DNB970888813 | ||
| 035 | |a (OCoLC)57476642 | ||
| 040 | |a DE-603 |b ger |c DE-603 |d DE-603 | ||
| 041 | |a ger | ||
| 082 | 0 | 4 | |8 1\u |a 809 |q DE-101 |2 23/BSB |
| 083 | 0 | |8 2\u |a 909 |q DE-101 |2 23/BSB | |
| 083 | 0 | |8 3\u |a 306.094385 |q DE-101 |2 23/BSB | |
| 083 | 0 | |8 4\u |a 400 |q DE-101 |2 23/BSB | |
| 083 | 0 | |8 5\u |a 370.94385 |q DE-101 |2 23/BSB | |
| 083 | 7 | |a 943.85 |2 22/oclc | |
| 084 | |a 430 |a 940 |q DE-101 |2 sdnb | ||
| 084 | |a EC 2450 |0 (DE-625)20489: |0 (DE-603)407727582 |2 rvk | ||
| 084 | |a ES 129 |0 (DE-625)27797: |0 (DE-603)407872701 |2 rvk | ||
| 085 | |8 1\u |b 809 | ||
| 085 | |8 1\u |z 2 |s 4385 | ||
| 085 | |8 2\u |b 909 | ||
| 085 | |8 2\u |z 2 |s 4385 | ||
| 085 | |8 3\u |b 306.09 | ||
| 085 | |8 3\u |z 2 |s 4385 | ||
| 085 | |8 3\u |z 2 |s 43832 | ||
| 085 | |8 3\u |z 2 |s 43816 | ||
| 085 | |8 4\u |b 400 | ||
| 085 | |8 4\u |z 2 |s 4385 | ||
| 085 | |8 5\u |b 370.9 | ||
| 085 | |8 5\u |z 2 |s 4385 | ||
| 090 | |a b | ||
| 245 | 0 | 0 | |a Kulturraumformung |b sprachpolitische, kulturpolitische, ästhetische Dimensionen |c Maria Katarzyna Lasatowicz (Hrsg.) |
| 250 | |a 1. Auflage | ||
| 264 | 1 | |a Berlin |b Trafo |c 2004 | |
| 300 | |a 241 Seiten |b Illustrationen, Karten |c 24 cm, 530 gr. | ||
| 336 | |a Text |b txt |2 rdacontent | ||
| 337 | |a ohne Hilfsmittel zu benutzen |b n |2 rdamedia | ||
| 338 | |a Band |b nc |2 rdacarrier | ||
| 490 | 1 | |a Silesia |v 1 | |
| 648 | 7 | |a Geschichte |2 gnd | |
| 650 | 7 | |a Kulturraum |0 (DE-588)4165988-0 |0 (DE-603)085745294 |2 gnd | |
| 650 | 7 | |a Sprachpolitik |0 (DE-588)4077732-7 |0 (DE-603)085220256 |2 gnd | |
| 650 | 7 | |a Deutsch |0 (DE-588)4113292-0 |0 (DE-603)085334081 |2 gnd | |
| 650 | 7 | |a Polnisch |0 (DE-588)4120314-8 |0 (DE-603)085383503 |2 gnd | |
| 651 | 7 | |a Schlesien |0 (DE-588)4052678-1 |0 (DE-603)085146781 |2 gnd | |
| 655 | 7 | |a Konferenzschrift |y 2002 |z Kamień Śla̧nski |2 gnd-content |0 (DE-588)1071861417 |0 (DE-603)359646190 | |
| 700 | 1 | |a Lasatowicz, Maria Katarzyna |d 1951- |e Herausgeber |4 edt |0 (DE-603)152564454 |0 (DE-588)121115534 |2 gnd | |
| 830 | 0 | |t Silesia |v 1 |w (DE-603)186303858 |w (DE-600)2163048-3 |9 11 |7 as | |
| 856 | 4 | 2 | |m V:DE-603;B:DE-Mb50 |q application/pdf |u http://scans.hebis.de/HEBCGI/show.pl?12424423_toc.pdf |3 Inhaltsverzeichnis |
| 924 | 0 | |9 30 |a (DE-603)222222603 |b DE-30 |c HES |d c |g 87.826.39 | |
| 924 | 0 | |9 Mb 50 |a (DE-603)376685824 |b DE-Mb50 |c HES |d c |g 09.6160 | |
| 924 | 0 | |9 603 |a (DE-603)225135388 |b DE-603 |c HES |d d | |
| 924 | 0 | |9 2080 |a (DE-603)791929280 |b DE-2080 |c HES |d d |g / | |


